Vở bài tập tự nhiên và xã hội 3

Sách gồm các bài tập hướng dẫn các em nối hình vẽ với hình vẽ, điền, viết vào ô trống, vẽ và tô màu các tranh. Giúp các em hiểu được cuộc sống xã hội cũng như cách thức sinh hoạt hàng ngày trong gia đình....

Ausführliche Beschreibung

Gespeichert in:
Bibliographische Detailangaben
1. Verfasser: Bùi, Phương Nga
Format: Buch
Sprache:Undetermined
Veröffentlicht: Hà Nội Giáo dục Việt Nam 2020
Schlagworte:
Tags: Tag hinzufügen
Keine Tags, Fügen Sie den ersten Tag hinzu!
Thư viện lưu trữ: Trung tâm Học liệu Trường Đại học Cần Thơ
LEADER 01091nam a2200217Ia 4500
001 CTU_238897
008 210402s9999 xx 000 0 und d
020 |c 9200 
082 |a 372.35076 
082 |b Ng100 
100 |a Bùi, Phương Nga 
245 0 |a Vở bài tập tự nhiên và xã hội 3 
245 0 |c Bùi Phương Nga (Chủ biên) 
260 |a Hà Nội 
260 |b Giáo dục Việt Nam 
260 |c 2020 
520 |a Sách gồm các bài tập hướng dẫn các em nối hình vẽ với hình vẽ, điền, viết vào ô trống, vẽ và tô màu các tranh. Giúp các em hiểu được cuộc sống xã hội cũng như cách thức sinh hoạt hàng ngày trong gia đình. 
650 |a Khoa học,Science,Khoa học xã hội,Social sciences 
650 |x Dạy và học (Tiểu học),Study and teachinh (Elementary),Dạy và học (Tiểu học),Study and teachinh (Elementary) 
910 |b nthai 
980 |a Trung tâm Học liệu Trường Đại học Cần Thơ